000 00676nam a22002777a 4500
003 UA-OsUOA
001 27037
007 ta
008 20040614b un ||||| |||| 00| 0 ukr d
100 _aИльин В.А.
700 _aПозняк Э.Г.
090 _a517
_bИ46
942 _cBK
040 _aUA-OsUOA
_brus
_cUA-OsUOA
_dUA-OsUOA
245 _aОсновы математического анализа
300 _a616 с.
955 _a0
041 _arus
080 _a517
260 _aМосква
_bНаука
_c1982
246 3 1 _aЧ. 1
_n
044 _aRU
250 _n4-е изд., перераб. и доп.
650 7 _2UDC
999 _c313376
_d313376